[Event "Deutsche Ländermeisterschaft 2024"]
[Site "Tübingen GER"]
[Date "2024.10.05"]
[Round "6"]
[White "Mersmann, Jasmin"]
[Black "Nönnig, Lotte"]
[Result "0-1"]
[Termination "normal"]
[Board "6.8"]
[WhiteElo "1610"]
[BlackElo "1658"]
[WhiteClock "00:54:00"]
[BlackClock "00:08:06"]
[WhiteTeam "Baden"]
[BlackTeam "Sachsen-Anhalt"]
[PlyCount "72"]
[WhiteFideId "34630287"]
[BlackFideId "34611509"]
[EventCountry "GER"]
[EventRounds "7"]
[EventType "team-swiss"]
[EventDate "2024.10.02"]

1. e4 {[%clk 01:30:59]} {[%emt 00:00:01]} e5 {[%clk 01:30:49]} {[%emt
00:00:11]} 2. Nf3 {[%clk 01:31:26]} {[%emt 00:00:05]} Nc6 {[%clk 01:31:10]}
{[%emt 00:00:08]} 3. Bc4 {[%clk 01:31:44]} {[%emt 00:00:12]} Bc5 {[%clk
01:31:30]} {[%emt 00:00:09]} 4. d3 {[%clk 01:31:48]} {[%emt 00:00:27]} Nf6
{[%clk 01:30:56]} {[%emt 00:01:04]} 5. Bg5 {[%clk 01:32:00]} {[%emt 00:00:18]}
d6 {[%clk 01:29:45]} {[%emt 00:01:41]} 6. h3 {[%clk 01:31:33]} {[%emt
00:00:57]} a6 {[%clk 01:26:28]} {[%emt 00:03:47]} 7. Nc3 {[%clk 01:31:12]}
{[%emt 00:00:51]} Be6 {[%clk 01:23:02]} {[%emt 00:03:57]} 8. Bb3 {[%clk
01:31:10]} {[%emt 00:00:31]} Ba7 {[%clk 01:20:40]} {[%emt 00:02:53]} 9. Qd2
{[%clk 01:30:55]} {[%emt 00:00:44]} Qd7 {[%clk 01:10:35]} {[%emt 00:10:36]} 10.
O-O-O {[%clk 01:29:15]} {[%emt 00:02:09]} O-O-O {[%clk 01:04:54]} {[%emt
00:06:11]} 11. Nd5 {[%clk 01:28:57]} {[%emt 00:00:48]} Bxd5 {[%clk 01:03:06]}
{[%emt 00:02:19]} 12. Bxd5 {[%clk 01:28:24]} {[%emt 00:01:03]} h6 {[%clk
01:00:51]} {[%emt 00:02:46]} 13. Be3 {[%clk 01:27:49]} {[%emt 00:01:03]} Bxe3
{[%clk 00:56:32]} {[%emt 00:04:50]} 14. fxe3 {[%clk 01:27:19]} {[%emt
00:01:01]} Nxd5 {[%clk 00:52:39]} {[%emt 00:04:23]} 15. exd5 {[%clk 01:26:50]}
{[%emt 00:00:58]} Ne7 {[%clk 00:51:18]} {[%emt 00:01:52]} 16. e4 {[%clk
01:26:20]} {[%emt 00:01:00]} f5 {[%clk 00:49:31]} {[%emt 00:02:16]} 17. Rhf1
{[%clk 01:26:01]} {[%emt 00:00:50]} Qa4 {[%clk 00:47:02]} {[%emt 00:02:58]} 18.
Kb1 {[%clk 01:23:55]} {[%emt 00:02:37]} fxe4 {[%clk 00:45:25]} {[%emt
00:02:06]} 19. dxe4 {[%clk 01:23:24]} {[%emt 00:01:01]} Qxe4 {[%clk 00:44:09]}
{[%emt 00:01:46]} 20. Rfe1 {[%clk 01:21:54]} {[%emt 00:02:01]} Qa4 {[%clk
00:41:46]} {[%emt 00:02:53]} 21. Re3 {[%clk 01:20:52]} {[%emt 00:01:31]} Rhf8
{[%clk 00:36:22]} {[%emt 00:05:55]} 22. Ra3 {[%clk 01:19:31]} {[%emt 00:01:51]}
Qf4 {[%clk 00:35:24]} {[%emt 00:01:28]} 23. Qe2 {[%clk 01:17:51]} {[%emt
00:02:10]} Rde8 {[%clk 00:28:02]} {[%emt 00:07:52]} 24. Rc3 {[%clk 01:15:06]}
{[%emt 00:03:11]} g5 {[%clk 00:22:53]} {[%emt 00:05:42]} 25. Rc4 {[%clk
01:13:41]} {[%emt 00:01:55]} Qf7 {[%clk 00:22:32]} {[%emt 00:00:50]} 26. Qd2
{[%clk 01:11:34]} {[%emt 00:02:38]} Kb8 {[%clk 00:20:26]} {[%emt 00:02:35]} 27.
Qa5 {[%clk 01:10:39]} {[%emt 00:01:26]} Nc8 {[%clk 00:15:37]} {[%emt 00:05:20]}
28. Re4 {[%clk 01:08:38]} {[%emt 00:02:28]} Nb6 {[%clk 00:15:17]} {[%emt
00:00:52]} 29. Ka1 {[%clk 01:07:02]} {[%emt 00:02:07]} Qg6 {[%clk 00:12:03]}
{[%emt 00:03:43]} 30. Rde1 {[%clk 01:06:01]} {[%emt 00:01:31]} Rf4 {[%clk
00:11:41]} {[%emt 00:00:52]} 31. Rxf4 {[%clk 01:04:16]} {[%emt 00:02:15]} gxf4
{[%clk 00:11:45]} {[%emt 00:00:26]} 32. Qd2 {[%clk 01:03:22]} {[%emt 00:01:23]}
Rg8 {[%clk 00:10:54]} {[%emt 00:01:22]} 33. Rg1 {[%clk 01:02:37]} {[%emt
00:01:11]} Qe4 {[%clk 00:09:53]} {[%emt 00:01:33]} 34. Rd1 {[%clk 00:59:38]}
{[%emt 00:03:30]} Nc4 {[%clk 00:09:31]} {[%emt 00:00:52]} 35. Qc3 {[%clk
00:58:18]} {[%emt 00:01:43]} Ne3 {[%clk 00:09:10]} {[%emt 00:00:58]} 36. Rd2
{[%clk 00:54:00]} {[%emt 00:04:47]} Nxg2 {[%clk 00:08:06]} {[%emt 00:01:34]}
0-1

[Event "Deutsche Ländermeisterschaft 2024"]
[Site "Tübingen GER"]
[Date "2024.10.05"]
[Round "6"]
[White "Kauth, Lukas"]
[Black "Lutz, Ruben"]
[Result "0-1"]
[Termination "normal"]
[Board "7.1"]
[BlackTitle "FM"]
[WhiteElo "1990"]
[BlackElo "2270"]
[WhiteClock "00:00:33"]
[BlackClock "00:14:04"]
[WhiteTeam "SG Baden / Württemberg"]
[BlackTeam "Sachsen"]
[PlyCount "86"]
[WhiteFideId "16272994"]
[BlackFideId "12975974"]
[EventCountry "GER"]
[EventRounds "7"]
[EventType "team-swiss"]
[EventDate "2024.10.02"]

1. e4 {[%clk 01:30:20]} {[%emt 00:00:39]} c6 {[%clk 01:29:50]} {[%emt
00:01:11]} 2. Nf3 {[%clk 01:29:44]} {[%emt 00:01:07]} d5 {[%clk 01:30:14]}
{[%emt 00:00:06]} 3. d3 {[%clk 01:29:58]} {[%emt 00:00:16]} dxe4 {[%clk
01:29:41]} {[%emt 00:01:03]} 4. dxe4 {[%clk 01:30:13]} {[%emt 00:00:15]} Qxd1+
{[%clk 01:30:04]} {[%emt 00:00:07]} 5. Kxd1 {[%clk 01:30:35]} {[%emt 00:00:08]}
Nf6 {[%clk 01:30:29]} {[%emt 00:00:05]} 6. Nfd2 {[%clk 01:30:30]} {[%emt
00:00:34]} g5 {[%clk 01:29:38]} {[%emt 00:01:23]} 7. a4 {[%clk 01:30:46]}
{[%emt 00:00:13]} g4 {[%clk 01:27:13]} {[%emt 00:02:55]} 8. a5 {[%clk
01:29:05]} {[%emt 00:02:11]} Bh6 {[%clk 01:23:45]} {[%emt 00:03:58]} 9. f3
{[%clk 01:25:51]} {[%emt 00:03:44]} Rg8 {[%clk 01:20:13]} {[%emt 00:04:02]} 10.
Nc3 {[%clk 01:23:02]} {[%emt 00:03:19]} Be6 {[%clk 01:16:00]} {[%emt 00:04:43]}
11. Nc4 {[%clk 01:19:02]} {[%emt 00:04:30]} Bxc1 {[%clk 01:16:17]} {[%emt
00:00:13]} 12. Rxc1 {[%clk 01:18:52]} {[%emt 00:00:40]} gxf3 {[%clk 01:16:17]}
{[%emt 00:00:30]} 13. gxf3 {[%clk 01:18:57]} {[%emt 00:00:24]} Nbd7 {[%clk
01:11:11]} {[%emt 00:05:36]} 14. Ke1 {[%clk 01:14:55]} {[%emt 00:04:33]} Bxc4
{[%clk 01:02:31]} {[%emt 00:09:10]} 15. Bxc4 {[%clk 01:13:57]} {[%emt
00:01:28]} Ne5 {[%clk 01:02:57]} {[%emt 00:00:05]} 16. Be2 {[%clk 01:13:10]}
{[%emt 00:01:17]} Nh5 {[%clk 01:03:18]} {[%emt 00:00:09]} 17. Rd1 {[%clk
01:07:04]} {[%emt 00:06:35]} Rg2 {[%clk 01:00:11]} {[%emt 00:03:37]} 18. Kf1
{[%clk 00:39:24]} {[%emt 00:28:10]} Nf4 {[%clk 01:00:25]} {[%emt 00:00:16]} 19.
a6 {[%clk 00:35:02]} {[%emt 00:04:52]} b6 {[%clk 00:58:24]} {[%emt 00:02:32]}
20. h4 {[%clk 00:31:08]} {[%emt 00:04:24]} h5 {[%clk 00:56:58]} {[%emt
00:01:56]} 21. b4 {[%clk 00:18:03]} {[%emt 00:13:35]} e6 {[%clk 00:41:16]}
{[%emt 00:16:11]} 22. b5 {[%clk 00:17:00]} {[%emt 00:01:34]} Ke7 {[%clk
00:34:50]} 23. Rg1 {[%clk 00:05:01]} {[%emt 00:19:25]} Rxg1+ {[%clk 00:31:08]}
24. Kxg1 {[%clk 00:05:21]} {[%emt 00:04:36]} Nxe2+ {[%clk 00:21:47]} 25. Nxe2
{[%clk 00:05:21]} {[%emt 00:10:07]} Nxf3+ {[%clk 00:22:14]} 26. Kf2 {[%clk
00:05:41]} {[%emt 00:00:14]} Ne5 {[%clk 00:22:40]} 27. Nf4 {[%clk 00:03:28]}
{[%emt 00:02:46]} cxb5 {[%clk 00:22:39]} 28. Rb1 {[%clk 00:03:02]} {[%emt
00:01:28]} Rc8 {[%clk 00:22:38]} 29. Rxb5 {[%clk 00:02:53]} {[%emt 00:01:09]}
Rxc2+ {[%clk 00:22:25]} 30. Ke3 {[%clk 00:02:43]} {[%emt 00:01:22]} f6 {[%clk
00:19:27]} 31. Nxh5 {[%clk 00:02:47]} {[%emt 00:03:55]} Ra2 {[%clk 00:17:28]}
32. Kf4 {[%clk 00:01:36]} {[%emt 00:04:10]} Ng6+ {[%clk 00:15:46]} 33. Kg4
{[%clk 00:01:36]} Rxa6 {[%clk 00:15:46]} 34. Ng3 {[%clk 00:01:36]} Ne5+ {[%clk
00:15:46]} 35. Kh5 {[%clk 00:00:33]} {[%emt 00:06:49]} Ra3 {[%clk 00:13:24]}
36. Nf1 {[%clk 00:00:32]} {[%emt 00:02:22]} Rd3 {[%clk 00:13:27]} 37. Nh2
{[%clk 00:00:32]} {[%emt 00:00:55]} Rd8 {[%clk 00:13:39]} 38. Rxe5 {[%clk
00:00:33]} {[%emt 00:00:48]} fxe5 {[%clk 00:14:04]} 39. Kg6 {[%clk 00:00:33]}
Rg8+ {[%clk 00:14:04]} 40. Kh6 {[%clk 00:00:33]} Kf6 {[%clk 00:14:04]} 41. Kh7
{[%clk 00:00:33]} Rg3 {[%clk 00:14:04]} 42. h5 {[%clk 00:00:33]} Kg5 {[%clk
00:14:04]} 43. h6 {[%clk 00:00:33]} Rh3 {[%clk 00:14:04]} 0-1

[Event "Deutsche Ländermeisterschaft 2024"]
[Site "Tübingen GER"]
[Date "2024.10.05"]
[Round "6"]
[White "Heinrich, John"]
[Black "Walter, Richard"]
[Result "1-0"]
[Termination "normal"]
[Board "7.2"]
[WhiteTitle "FM"]
[WhiteElo "2237"]
[BlackElo "1958"]
[WhiteClock "00:22:29"]
[BlackClock "00:36:32"]
[WhiteTeam "Sachsen"]
[BlackTeam "SG Baden / Württemberg"]
[PlyCount "85"]
[WhiteFideId "16259491"]
[BlackFideId "34620028"]
[EventCountry "GER"]
[EventRounds "7"]
[EventType "team-swiss"]
[EventDate "2024.10.02"]

1. Nf3 {[%clk 01:30:54]} {[%emt 00:00:03]} d5 {[%clk 01:30:54]} {[%emt
00:00:08]} 2. e3 {[%clk 01:31:18]} {[%emt 00:00:06]} Nf6 {[%clk 01:31:17]}
{[%emt 00:00:08]} 3. c4 {[%clk 01:31:43]} {[%emt 00:00:05]} e6 {[%clk
01:31:42]} {[%emt 00:00:05]} 4. Nc3 {[%clk 01:32:08]} {[%emt 00:00:04]} c5
{[%clk 01:32:06]} {[%emt 00:00:07]} 5. cxd5 {[%clk 01:32:18]} {[%emt 00:00:20]}
exd5 {[%clk 01:32:30]} {[%emt 00:00:06]} 6. d4 {[%clk 01:32:34]} {[%emt
00:00:13]} Nc6 {[%clk 01:32:45]} {[%emt 00:00:15]} 7. Bb5 {[%clk 01:32:50]}
{[%emt 00:00:13]} Bd7 {[%clk 01:32:22]} {[%emt 00:00:53]} 8. O-O {[%clk
01:32:47]} {[%emt 00:00:33]} a6 {[%clk 01:32:42]} {[%emt 00:00:10]} 9. Be2
{[%clk 01:30:10]} {[%emt 00:03:07]} Bf5 {[%clk 01:31:02]} {[%emt 00:02:10]} 10.
b3 {[%clk 01:30:13]} {[%emt 00:00:27]} Bd6 {[%clk 01:30:37]} {[%emt 00:00:56]}
11. dxc5 {[%clk 01:29:35]} {[%emt 00:01:08]} Bxc5 {[%clk 01:31:01]} {[%emt
00:00:06]} 12. Bb2 {[%clk 01:29:59]} {[%emt 00:00:06]} O-O {[%clk 01:30:26]}
{[%emt 00:01:06]} 13. Rc1 {[%clk 01:28:42]} {[%emt 00:01:47]} Ba7 {[%clk
01:30:33]} {[%emt 00:00:23]} 14. Na4 {[%clk 01:27:38]} {[%emt 00:01:34]} Ne4
{[%clk 01:27:37]} {[%emt 00:03:25]} 15. Nd4 {[%clk 01:27:44]} {[%emt 00:00:24]}
Nxd4 {[%clk 01:27:08]} {[%emt 00:01:01]} 16. Bxd4 {[%clk 01:28:06]} {[%emt
00:00:07]} Bb8 {[%clk 01:27:33]} {[%emt 00:00:06]} 17. g3 {[%clk 01:21:48]}
{[%emt 00:06:47]} Bh3 {[%clk 01:25:43]} {[%emt 00:02:20]} 18. Re1 {[%clk
01:16:41]} {[%emt 00:05:37]} Qg5 {[%clk 01:24:11]} {[%emt 00:02:03]} 19. Bf1
{[%clk 01:02:40]} {[%emt 00:14:32]} Bxf1 {[%clk 01:15:44]} {[%emt 00:08:57]}
20. Kxf1 {[%clk 00:51:46]} {[%emt 00:11:23]} Qf5 {[%clk 01:12:12]} {[%emt
00:04:03]} 21. f4 {[%clk 00:49:21]} {[%emt 00:02:54]} Qh3+ {[%clk 01:04:21]}
{[%emt 00:08:21]} 22. Kg1 {[%clk 00:49:43]} {[%emt 00:00:08]} Bd6 {[%clk
01:04:46]} {[%emt 00:00:05]} 23. Nb6 {[%clk 00:44:06]} {[%emt 00:06:07]} Rad8
{[%clk 01:01:58]} {[%emt 00:03:19]} 24. Qf3 {[%clk 00:42:50]} {[%emt 00:01:45]}
Bb4 {[%clk 00:58:47]} {[%emt 00:03:41]} 25. Red1 {[%clk 00:35:04]} {[%emt
00:08:17]} Rfe8 {[%clk 00:49:41]} {[%emt 00:09:36]} 26. Be5 {[%clk 00:30:17]}
{[%emt 00:05:17]} Bd2 {[%clk 00:45:42]} {[%emt 00:04:30]} 27. Rc2 {[%clk
00:27:38]} {[%emt 00:03:07]} Qe6 {[%clk 00:45:13]} {[%emt 00:01:00]} 28. Bc7
{[%clk 00:26:46]} {[%emt 00:01:22]} Ng5 {[%clk 00:42:52]} {[%emt 00:02:52]} 29.
fxg5 {[%clk 00:26:37]} {[%emt 00:00:39]} Bxe3+ {[%clk 00:43:15]} {[%emt
00:00:06]} 30. Kg2 {[%clk 00:26:51]} {[%emt 00:00:14]} Bxb6 {[%clk 00:43:30]}
{[%emt 00:00:17]} 31. Bxd8 {[%clk 00:27:15]} {[%emt 00:00:06]} Rxd8 {[%clk
00:43:35]} {[%emt 00:00:25]} 32. Re2 {[%clk 00:26:47]} {[%emt 00:00:58]} Qc6
{[%clk 00:43:07]} {[%emt 00:00:58]} 33. Re7 {[%clk 00:22:54]} {[%emt 00:04:20]}
Qc2+ {[%clk 00:37:59]} {[%emt 00:05:41]} 34. Kh3 {[%clk 00:22:42]} {[%emt
00:00:40]} Rf8 {[%clk 00:38:01]} {[%emt 00:00:30]} 35. Qxd5 {[%clk 00:22:26]}
{[%emt 00:00:46]} Qxa2 {[%clk 00:37:23]} {[%emt 00:01:09]} 36. Rf1 {[%clk
00:22:23]} {[%emt 00:00:31]} Bf2 {[%clk 00:36:08]} {[%emt 00:01:46]} 37. Qf3
{[%clk 00:21:51]} {[%emt 00:01:00]} Qa3 {[%clk 00:36:31]} {[%emt 00:00:09]} 38.
Rxb7 {[%clk 00:22:05]} {[%emt 00:00:15]} Bc5 {[%clk 00:35:55]} {[%emt
00:01:07]} 39. Rxf7 {[%clk 00:22:24]} {[%emt 00:00:10]} Rb8 {[%clk 00:35:58]}
{[%emt 00:00:28]} 40. Rxg7+ {[%clk 00:21:10]} {[%emt 00:01:44]} Kxg7 {[%clk
00:36:12]} {[%emt 00:00:15]} 41. Qf6+ {[%clk 00:21:36]} {[%emt 00:00:04]} Kg8
{[%clk 00:36:14]} {[%emt 00:00:29]} 42. Qe6+ {[%clk 00:22:04]} {[%emt
00:00:01]} Kh8 {[%clk 00:36:32]} {[%emt 00:00:13]} 43. Qe5+ {[%clk 00:22:29]}
{[%emt 00:00:05]} 1-0

[Event "Deutsche Ländermeisterschaft 2024"]
[Site "Tübingen GER"]
[Date "2024.10.05"]
[Round "6"]
[White "Schulz, Tim"]
[Black "Fruth, David"]
[Result "1-0"]
[Termination "normal"]
[Board "7.3"]
[WhiteElo "1883"]
[BlackElo "1966"]
[WhiteClock "00:33:39"]
[BlackClock "00:31:39"]
[WhiteTeam "SG Baden / Württemberg"]
[BlackTeam "Sachsen"]
[PlyCount "67"]
[WhiteFideId "34629165"]
[BlackFideId "16257596"]
[EventCountry "GER"]
[EventRounds "7"]
[EventType "team-swiss"]
[EventDate "2024.10.02"]

1. d4 {[%clk 01:30:53]} {[%emt 00:00:05]} Nf6 {[%clk 01:30:59]} {[%emt
00:00:02]} 2. Nf3 {[%clk 01:31:16]} {[%emt 00:00:07]} e6 {[%clk 01:31:28]}
{[%emt 00:00:02]} 3. e3 {[%clk 01:31:37]} {[%emt 00:00:08]} d5 {[%clk
01:31:29]} {[%emt 00:00:30]} 4. Bd3 {[%clk 01:31:54]} {[%emt 00:00:13]} c5
{[%clk 01:31:35]} {[%emt 00:00:25]} 5. b3 {[%clk 01:32:12]} {[%emt 00:00:12]}
Bd6 {[%clk 01:31:20]} {[%emt 00:00:46]} 6. O-O {[%clk 01:32:21]} {[%emt
00:00:20]} O-O {[%clk 01:31:45]} {[%emt 00:00:05]} 7. Bb2 {[%clk 01:32:40]}
{[%emt 00:00:11]} b6 {[%clk 01:31:58]} {[%emt 00:00:18]} 8. Nbd2 {[%clk
01:32:35]} {[%emt 00:00:34]} Bb7 {[%clk 01:32:16]} {[%emt 00:00:12]} 9. Ne5
{[%clk 01:31:40]} {[%emt 00:01:25]} h6 {[%clk 01:32:02]} {[%emt 00:00:44]} 10.
Qe2 {[%clk 01:28:13]} {[%emt 00:03:57]} Nc6 {[%clk 01:28:45]} {[%emt 00:03:47]}
11. a3 {[%clk 01:28:00]} {[%emt 00:00:43]} Bxe5 {[%clk 01:17:06]} {[%emt
00:12:08]} 12. dxe5 {[%clk 01:28:20]} {[%emt 00:00:10]} Nd7 {[%clk 01:15:20]}
{[%emt 00:02:16]} 13. f4 {[%clk 01:28:11]} {[%emt 00:00:38]} f5 {[%clk
01:04:29]} {[%emt 00:11:22]} 14. Rad1 {[%clk 01:21:23]} {[%emt 00:07:17]} g6
{[%clk 00:58:59]} {[%emt 00:06:01]} 15. Rf2 {[%clk 01:12:43]} {[%emt 00:09:10]}
Kf7 {[%clk 00:56:41]} {[%emt 00:02:49]} 16. g4 {[%clk 01:10:36]} {[%emt
00:02:36]} Rg8 {[%clk 00:52:53]} {[%emt 00:04:18]} 17. Rg2 {[%clk 01:08:56]}
{[%emt 00:02:10]} Na5 {[%clk 00:51:40]} {[%emt 00:01:44]} 18. gxf5 {[%clk
01:04:36]} {[%emt 00:04:49]} exf5 {[%clk 00:50:41]} {[%emt 00:01:28]} 19. c4
{[%clk 00:55:47]} {[%emt 00:09:18]} Nf8 {[%clk 00:42:53]} {[%emt 00:08:18]} 20.
cxd5 {[%clk 00:53:02]} {[%emt 00:03:16]} Qxd5 {[%clk 00:42:26]} {[%emt
00:00:57]} 21. e4 {[%clk 00:51:43]} {[%emt 00:01:49]} Qe6 {[%clk 00:38:04]}
{[%emt 00:04:52]} 22. b4 {[%clk 00:47:34]} {[%emt 00:04:38]} fxe4 {[%clk
00:37:03]} {[%emt 00:01:32]} 23. Nxe4 {[%clk 00:46:47]} {[%emt 00:01:17]} c4
{[%clk 00:36:43]} {[%emt 00:00:50]} 24. Bc2 {[%clk 00:42:33]} {[%emt 00:04:43]}
c3 {[%clk 00:33:57]} {[%emt 00:03:17]} 25. Bxc3 {[%clk 00:37:38]} {[%emt
00:05:24]} Nc4 {[%clk 00:33:27]} {[%emt 00:01:01]} 26. Bb3 {[%clk 00:35:47]}
{[%emt 00:02:20]} b5 {[%clk 00:31:53]} {[%emt 00:02:05]} 27. Bxc4 {[%clk
00:35:35]} {[%emt 00:00:42]} bxc4 {[%clk 00:31:20]} {[%emt 00:01:03]} 28. Nd6+
{[%clk 00:35:55]} {[%emt 00:00:09]} Ke7 {[%clk 00:31:22]} {[%emt 00:00:29]} 29.
Nxb7 {[%clk 00:35:52]} {[%emt 00:00:33]} Qb6+ {[%clk 00:31:47]} {[%emt
00:00:05]} 30. Nc5 {[%clk 00:36:17]} {[%emt 00:00:05]} Ne6 {[%clk 00:31:53]}
{[%emt 00:00:23]} 31. Rd6 {[%clk 00:35:25]} {[%emt 00:01:22]} Nxf4 {[%clk
00:32:02]} {[%emt 00:00:25]} 32. Qxc4 {[%clk 00:35:13]} {[%emt 00:00:38]} Rgf8
{[%clk 00:31:10]} {[%emt 00:01:23]} 33. Rxb6 {[%clk 00:34:04]} {[%emt
00:01:39]} axb6 {[%clk 00:31:39]} 34. Bd2 {[%clk 00:33:39]} {[%emt 00:00:56]}
1-0

[Event "Deutsche Ländermeisterschaft 2024"]
[Site "Tübingen GER"]
[Date "2024.10.05"]
[Round "6"]
[White "Herrmann, Arthur"]
[Black "Ensslen, Jakob"]
[Result "1-0"]
[Termination "normal"]
[Board "7.4"]
[WhiteElo "2030"]
[BlackElo "1774"]
[WhiteClock "00:19:24"]
[BlackClock "00:12:31"]
[WhiteTeam "Sachsen"]
[BlackTeam "SG Baden / Württemberg"]
[PlyCount "63"]
[WhiteFideId "16287150"]
[BlackFideId "34640258"]
[EventCountry "GER"]
[EventRounds "7"]
[EventType "team-swiss"]
[EventDate "2024.10.02"]

1. e4 {[%clk 01:30:54]} {[%emt 00:00:05]} c5 {[%clk 01:30:52]} {[%emt
00:00:08]} 2. Nf3 {[%clk 01:31:14]} {[%emt 00:00:10]} d6 {[%clk 01:31:17]}
{[%emt 00:00:05]} 3. d4 {[%clk 01:31:35]} {[%emt 00:00:09]} cxd4 {[%clk
01:31:41]} {[%emt 00:00:06]} 4. Nxd4 {[%clk 01:31:58]} {[%emt 00:00:08]} Nf6
{[%clk 01:32:05]} {[%emt 00:00:05]} 5. Nc3 {[%clk 01:32:24]} {[%emt 00:00:04]}
g6 {[%clk 01:32:27]} {[%emt 00:00:08]} 6. Be3 {[%clk 01:31:27]} {[%emt
00:01:26]} Bg7 {[%clk 01:32:38]} {[%emt 00:00:20]} 7. f3 {[%clk 01:30:41]}
{[%emt 00:01:16]} O-O {[%clk 01:32:51]} {[%emt 00:00:18]} 8. Qd2 {[%clk
01:30:06]} {[%emt 00:01:05]} Nc6 {[%clk 01:33:06]} {[%emt 00:00:15]} 9. g4
{[%clk 01:29:33]} {[%emt 00:01:02]} a5 {[%clk 01:22:51]} {[%emt 00:10:46]} 10.
O-O-O {[%clk 01:15:52]} {[%emt 00:14:10]} a4 {[%clk 01:18:23]} {[%emt
00:04:59]} 11. a3 {[%clk 01:13:00]} {[%emt 00:03:22]} Bd7 {[%clk 01:03:38]}
{[%emt 00:15:15]} 12. h4 {[%clk 01:08:52]} {[%emt 00:04:38]} Nxd4 {[%clk
01:00:29]} {[%emt 00:03:40]} 13. Bxd4 {[%clk 01:08:48]} {[%emt 00:00:33]} Qa5
{[%clk 00:48:17]} {[%emt 00:12:43]} 14. h5 {[%clk 01:01:08]} {[%emt 00:08:09]}
b5 {[%clk 00:44:57]} {[%emt 00:03:50]} 15. hxg6 {[%clk 00:58:14]} {[%emt
00:03:24]} fxg6 {[%clk 00:44:19]} {[%emt 00:01:09]} 16. Qh2 {[%clk 00:46:08]}
{[%emt 00:12:35]} Rac8 {[%clk 00:35:05]} {[%emt 00:09:45]} 17. Nd5 {[%clk
00:35:32]} {[%emt 00:11:05]} e5 {[%clk 00:23:40]} {[%emt 00:11:55]} 18. Ne7+
{[%clk 00:29:51]} {[%emt 00:06:10]} Kf7 {[%clk 00:23:27]} {[%emt 00:00:44]} 19.
Nxc8 {[%clk 00:29:50]} {[%emt 00:00:31]} Rxc8 {[%clk 00:23:21]} {[%emt
00:00:36]} 20. Be3 {[%clk 00:29:27]} {[%emt 00:00:52]} Rc6 {[%clk 00:21:22]}
{[%emt 00:02:30]} 21. Qd2 {[%clk 00:25:11]} {[%emt 00:04:46]} Qc7 {[%clk
00:21:17]} {[%emt 00:00:35]} 22. Bxb5 {[%clk 00:24:14]} {[%emt 00:01:26]} d5
{[%clk 00:17:40]} {[%emt 00:04:07]} 23. Bxc6 {[%clk 00:22:37]} {[%emt
00:02:07]} Bxc6 {[%clk 00:17:34]} {[%emt 00:00:37]} 24. g5 {[%clk 00:21:55]}
{[%emt 00:01:12]} Nh5 {[%clk 00:16:31]} {[%emt 00:01:33]} 25. exd5 {[%clk
00:21:55]} {[%emt 00:00:30]} Bd7 {[%clk 00:16:16]} {[%emt 00:00:45]} 26. d6
{[%clk 00:21:45]} {[%emt 00:00:40]} Qd8 {[%clk 00:15:29]} {[%emt 00:01:17]} 27.
Qd5+ {[%clk 00:21:46]} {[%emt 00:00:29]} Be6 {[%clk 00:15:46]} {[%emt
00:00:13]} 28. Qb7+ {[%clk 00:21:53]} {[%emt 00:00:22]} Bd7 {[%clk 00:15:53]}
{[%emt 00:00:24]} 29. Qc7 {[%clk 00:20:59]} {[%emt 00:01:24]} Qe8 {[%clk
00:15:55]} {[%emt 00:00:28]} 30. Rh4 {[%clk 00:19:54]} {[%emt 00:01:34]} Bf8
{[%clk 00:14:28]} {[%emt 00:01:57]} 31. Rb4 {[%clk 00:19:20]} {[%emt 00:01:03]}
Kg8 {[%clk 00:12:31]} {[%emt 00:02:28]} 32. Rb7 {[%clk 00:19:24]} {[%emt
00:00:25]} 1-0